Komentár k zákonu NR SR č.7/1993 Z.z.

Komentár k zákonu NR SR č.7/1993 Z.z. o Národnej poisťovni.

Enregistré dans:
Détails bibliographiques
Auteur principal: Rusiňák, Peter
Autres auteurs: Trutzová, E.
Format: Chapitre de livre
Langue:slovaque
Sujets:
Tags: Ajouter un tag
Pas de tags, Soyez le premier à ajouter un tag!

MARC

LEADER 00000naa a2200000 4500
001 r024491
005 20221213123039.3
041 0 |a slo 
044 |a SK 
245 1 0 |a Komentár k zákonu NR SR č.7/1993 Z.z.  |c Peter Rusiňák, E. Trutzová 
520 |a Komentár k zákonu NR SR č.7/1993 Z.z. o Národnej poisťovni. 
610 2 0 |a zákony 
610 2 0 |a komentáre 
610 2 0 |a Slovensko 
610 2 0 |a 1993 
610 2 0 |a Národná poisťovňa Bratislava 
610 2 0 |a inštitúcie verejnoprávne 
610 2 0 |a poisťovne 
100 1 |a Rusiňák, Peter 
700 1 |a Trutzová, E.